LEADER 01195nam a2200277 a 4500 001 000000144430 003 CaOOAMICUS 005 20150630094405.0 008 150630s2004 it u000 u ita r 020 $a88-215-5176-8 040 $aPUL$bita 100 1 $aPenna, Romano,$d1937-$0(OLS)http://pul/name/11954 245 13$aIl DNA del cristianesimo :$bl'identità cristiana allo stato nascente /$cRomano Penna . 260 $aCinisello Balsamo :$bSan Paolo,$c©2004. 300 $a463 p. ;$c22 cm 490 1 $aGuida alla Bibbia ;$v103 504 $aInclude riferimenti bibliografici ed indice. 650 4$aCristianesimo$xStudi.$0(OLS)http://pul/subject/5622 830 0$aGuida alla Bibbia (San Paolo) ;$v103.$0(OLS)http://pul/title/137068 850 $aPUL 852 $aPUL$W1$xDP1 Fondo S. Lanza$y121$m3 G 13$j166709$qFondi$B167303$CPULBib$Z2$F167303 $HLan1834 $82 941 1 $a1 996 $6020$a88-215-5176-8$9(OLS)http://pul/number/158112 996 $6245$aIl DNA del cristianesimo :$bl'identità cristiana allo stato nascente$9(OLS)http://pul/title/182730 996 $6260$aCinisello Balsamo :$bSan Paolo$9(OLS)http://pul/publisher/54577 LEADER 01197nam a2200301 u 4500 001 000000060499 003 CaOOAMICUS 005 20070226120923.0 008 010724s1982 gw u000 u ger u 020 $a3451020912 035 $a10898416 040 $aPUL(R)$bita 245 04$aDie Theologie und das Lehramt /$cPeter Eicher ... [et al.] ; herausgegeben von Walter Kern. 260 $aFreiburg :$bHerder,$c1982. 300 $a237 p. ;$c23 cm 490 1 $aQuaestiones disputatae ;$v91 504 $aBibliografia in nota. 650 4$aTeologia.$0(OLS)http://pul/subject/118 700 1 $aKern, Walter,$cS.I.,$d1922-2007.$0(OLS)http://pul/name/39861 700 1 $aEicher, Peter.$0(OLS)http://pul/name/2424 830 0$aQuaestiones disputatae (Herder) ;$v91.$0(OLS)http://pul/title/18243 850 $aPUL 852 $aPUL$W1$xSL Religione 2$y84$mTheol A6 91$j78886$nBK-PRI$b $qStampati altre collocazioni$B78886$CPULBib$Z2$F78886 $81 941 1 $a10 961 $aINV: 70573 996 $6020$a3451020912$9(OLS)http://pul/number/78018 996 $6245$aDie Theologie und das Lehramt$9(OLS)http://pul/title/80861 996 $6260$aFreiburg :$bHerder$9(OLS)http://pul/publisher/48354